| 000 | 00359nam a2200133Ia 4500 | ||
|---|---|---|---|
| 005 | 20260328101523.0 | ||
| 008 | 260328s9999||||xx |||||||||||||| ||und|| | ||
| 100 | _aSteiner, Frederick | ||
| 245 | 0 |
_aDesign for a Vulnerable Planet / _cFrederick Steiner |
|
| 260 | _bUniversity of Texas Press | ||
| 300 | _a288 p. | ||
| 650 | _aARQUITECTURA Y CLIMA | ||
| 942 | _cBK | ||
| 999 |
_c9660 _d9660 |
||